000 00528nmm a2200157Ia 4500
008 251105s9999||||xx |||||||||||||||||und||
020 _a9789587383072
041 _aspa
100 _aVélez, María Teresa
245 0 _aTambores para invocar a los dioses : La vida y tiempos de Felipe García Villamil Santero, Palero y Abakuá
264 _a[Bogotá, Colombia] :
_bUniversidad del Rosario,
_c2015
300 _a274 páginas
650 _aBiography
856 _uhttps://public.digitaliapublishing.com/a/46553
942 _cCF
999 _c95743
_d95743